The pirotechnia of Vannoccio Biringuccio
This book introduce about Pirotechnia of Vannoccio Biringuccio a medieval metal mining and metal working treatise.
Na minha lista:
| Autor principal: | |
|---|---|
| Formato: | Livro |
| Idioma: | Undetermined |
| Publicado em: |
Cambridge, Mass.
M.I.T. Press
1942
|
| Assuntos: | |
| Tags: |
Adicionar Tag
Sem tags, seja o primeiro a adicionar uma tag!
|
| Thư viện lưu trữ: | Trung tâm Học liệu Trường Đại học Cần Thơ |
|---|
| LEADER | 00695nam a2200205Ia 4500 | ||
|---|---|---|---|
| 001 | CTU_227574 | ||
| 008 | 210402s9999 xx 000 0 und d | ||
| 082 | |a 669 | ||
| 082 | |b B618 | ||
| 100 | |a Biringucci, Vannoccio | ||
| 245 | 4 | |a The pirotechnia of Vannoccio Biringuccio | |
| 245 | 0 | |c Vannoccio Biringucci | |
| 260 | |a Cambridge, Mass. | ||
| 260 | |b M.I.T. Press | ||
| 260 | |c 1942 | ||
| 520 | |a This book introduce about Pirotechnia of Vannoccio Biringuccio a medieval metal mining and metal working treatise. | ||
| 650 | |a Luyện kim,Metal-work | ||
| 650 | |x Trước năm 1800,Early works to 1800 | ||
| 910 | |b dqhieu | ||
| 980 | |a Trung tâm Học liệu Trường Đại học Cần Thơ | ||